A carregar...

A History of Public Health

Detalhes bibliográficos
Autor principal: Rosen,George
Formato: Printed Book
Idioma:English
Publicado em: New YOrk: MD Publications,INC., 1958.
Edição:1958.
Assuntos:
LEADER 00626nam a22001694a 4500
008 140527n ii |||gr||||Z||||||eng
082 |a G5 R4 
100 |a Rosen,George. 
245 1 |a A History of Public Health  |h Textual Documents 
250 |a 1958. 
260 |a New YOrk:  |b MD Publications,INC.,  |c 1958. 
300 |a 551p.:  |e 03335. 
630 |a Statistics,The Origins of Public Health,Health and the Community. 
852 |t 1  |p STA03335  |a S-24,R-4  |b General   |k G5 R4  |f 00000 
942 |c BK 
999 |c 219497  |d 219497 
952 |0 0  |1 0  |4 0  |6 G_5_000000000000000_R4  |7 0  |9 233640  |a STA  |b STA  |d 2019-12-11  |l 0  |o G5 R4  |p STA03335  |r 2019-12-11  |t 1  |w 2019-12-11  |y BK